000 00479nam a2200133 a 4500
001 000031106
005 20200930062717.0
008 110613s1933 dr c 000 0 spa d
040 _aDO-SdBNP
_bspa
_cBNPPHU
082 _axxxx
_bxxxx
245 0 0 _aReport of the twenty-sixth fiscal period dominican customs receivership :
_btogether with summary of commerce for 1932.
260 _awashington :
_bGovernment Printing Office,
_c1933.
300 _a1 v. con varias paginaciones ;
_c23 cm.
999 _c30598
_d30598